LIBRARY & INFORMATION CENTRE, KCAET, TAVANUR

ONLINE PUBLIC ACCESS CATALOGUE (OPAC)

Normal view MARC view
  • Jagadish , Sahay .

Entry Personal Name

Number of records used in: 2

001 - CONTROL NUMBER

  • control field: 705

003 - CONTROL NUMBER IDENTIFIER

  • control field: OSt

005 - DATE AND TIME OF LATEST TRANSACTION

  • control field: 20160701115541.0

008 - FIXED-LENGTH DATA ELEMENTS

  • fixed length control field: 160701|| aca||aabn | a|a d

040 ## - CATALOGING SOURCE

  • Original cataloging agency: OSt
  • Transcribing agency: OSt

100 ## - HEADING--PERSONAL NAME

  • Personal name: Jagadish , Sahay .

670 ## - SOURCE DATA FOUND

  • Source citation: Work cat.: (OSt)40: Jagadish , Sahay ., Elements Of Agricultural Engineering [Farm Power, Farm Machinery, Farm Processing, Farm Electricity], 2015
free website counter